[Event "Is Bankasi Online Satranc Turn.19-20 YAS"]
[Site "T#646377Mustafa Kemal"]
[Date "2020.05.27"]
[Round "1"]
[White "Huseyinkaya02"]
[Black "Tunaozates54"]
[Result "1/2-1/2"]
[WhiteElo "1708"]
[BlackElo "1620"]
[Annotator "NA RC"]
[PlyCount "160"]
[EventDate "2020.05.27"]
[EventType "swiss (blitz)"]

1. e4 {[%emt 0:00:03]} c5 {[%emt 0:00:05]} 2. Nf3 {[%emt 0:00:12]} Nc6 {[%emt 0:00:04]} 3. d4 {[%emt 0:00:08]} cxd4 {[%emt 0:00:00]} 4. Nxd4 {[%emt 0:00:03]} e5 {[%emt 0:00:01]} 5. Nxc6 {[%emt 0:00:02]} bxc6 {[%emt 0:00:04]} 6. c4 {[%emt 0:00:01]} Nf6 {[%emt 0:00:01]} 7. Nc3 {[%emt 0:00:02]} Bb4 {[%emt 0:00:01]} 8. Bd3 {[%emt 0:00:06]} O-O {[%emt 0:00:05]} 9. Bd2 {[%emt 0:00:03]} d6 {[%emt 0:00:23]} 10. O-O {[%emt 0:00:25]} Rb8 {[%emt 0:00:04]} 11. a3 {[%emt 0:00:06]} Bc5 {[%emt 0:00:02]} 12. b4 {[%emt 0:00:06]} Bd4 {[%emt 0:00:04]} 13. Rc1 {[%emt 0:00:04]} Bg4 {[%emt 0:00:39]} 14. Be2 {[%emt 0:00:08]} Be6 {[%emt 0:00:06]} 15. Bg5 {[%emt 0:00:03]} h6 {[%emt 0:00:02]} 16. Bh4 {[%emt 0:00:02]} g5 {[%emt 0:00:02]} 17. Bg3 {[%emt 0:00:05]} Bxc3 {[%emt 0:00:01]} 18. Rxc3 {[%emt 0:00:03]} Nxe4 {[%emt 0:00:00]} 19. Rc2 {[%emt 0:00:16]} Nxg3 {[%emt 0:00:02]} 20. fxg3 {[%emt 0:00:01]} f5 {[%emt 0:00:06]} 21. Rd2 {[%emt 0:00:10]} d5 {[%emt 0:00:02]} 22. cxd5 {[%emt 0:00:03]} cxd5 {[%emt 0:00:00]} 23. Bc4 {[%emt 0:00:06]} d4 {[%emt 0:00:02]} 24. Bxe6+ {[%emt 0:00:02]} Kg7 {[%emt 0:00:05]} 25. Bxf5 {[%emt 0:00:03]} Qb6 {[%emt 0:00:09]} 26. Be4 {[%emt 0:00:06]} Rxf1+ {[%emt 0:00:08]} 27. Qxf1 {[%emt 0:00:00]} Rf8 {[%emt 0:00:00]} 28. Qd3 {[%emt 0:00:15]} a5 {[%emt 0:00:12]} 29. bxa5 {[%emt 0:00:03]} Qxa5 {[%emt 0:00:00]} 30. h3 {[%emt 0:00:00]} Qc5 {[%emt 0:00:05]} 31. Rc2 {[%emt 0:00:04]} Qb6 {[%emt 0:00:06]} 32. Kh2 {[%emt 0:00:06]} Rf6 {[%emt 0:00:12]} 33. Qc4 {[%emt 0:00:04]} h5 {[%emt 0:00:09]} 34. Qc7+ {[%emt 0:00:04]} Qxc7 {[%emt 0:00:02]} 35. Rxc7+ {[%emt 0:00:00]} Kg8 {[%emt 0:00:02]} 36. Re7 {[%emt 0:00:06]} Ra6 {[%emt 0:00:03]} 37. Rxe5 {[%emt 0:00:04]} Rxa3 {[%emt 0:00:00]} 38. Rxg5+ {[%emt 0:00:01]} Kf7 {[%emt 0:00:00]} 39. Rxh5 {[%emt 0:00:03]} Ke6 {[%emt 0:00:02]} 40. Rd5 {[%emt 0:00:02]} Re3 {[%emt 0:00:03]} 41. Rxd4 {[%emt 0:00:14]} Ke5 {[%emt 0:00:05]} 42. Ra4 {[%emt 0:00:01]} Re1 {[%emt 0:00:10]} 43. Bf3 {[%emt 0:00:01]} Rb1 {[%emt 0:00:01]} 44. h4 {[%emt 0:00:00]} Kf6 {[%emt 0:00:01]} 45. h5 {[%emt 0:00:01]} Kg5 {[%emt 0:00:01]} 46. g4 {[%emt 0:00:00]} Kh4 {[%emt 0:00:03]} 47. g3+ {[%emt 0:00:01]} Kg5 {[%emt 0:00:02]} 48. Kh3 {[%emt 0:00:00]} Rf1 {[%emt 0:00:03]} 49. Ra5+ {[%emt 0:00:00]} Kh6 {[%emt 0:00:01]} 50. Bg2 {[%emt 0:00:01]} Rg1 {[%emt 0:00:03]} 51. Kh2 {[%emt 0:00:01]} Rc1 {[%emt 0:00:01]} 52. Ra6+ {[%emt 0:00:01]} Kg7 {[%emt 0:00:03]} 53. Rg6+ {[%emt 0:00:00]} Kh8 {[%emt 0:00:01]} 54. g5 {[%emt 0:00:01]} Re1 {[%emt 0:00:03]} 55. Kh3 {[%emt 0:00:01]} Rc1 {[%emt 0:00:04]} 56. h6 {[%emt 0:00:02]} Re1 {[%emt 0:00:04]} 57. Bd5 {[%emt 0:00:01]} Re5 {[%emt 0:00:08]} 58. Rg8+ {[%emt 0:00:04]} Kh7 {[%emt 0:00:01]} 59. Bf7 {[%emt 0:00:01]} Re3 {[%emt 0:00:10]} 60. Kh4 {[%emt 0:00:06]} Re4+ {[%emt 0:00:06]} 61. Kh3 {[%emt 0:00:08]} Rh4+ {[%emt 0:00:02]} 62. Kg2 {[%emt 0:00:01]} Rh2+ {[%emt 0:00:01]} 63. Kf3 {[%emt 0:00:01]} Rf2+ {[%emt 0:00:01]} 64. Ke4 {[%emt 0:00:01]} Rf4+ {[%emt 0:00:12]} 65. Ke5 {[%emt 0:00:02]} Rf5+ {[%emt 0:00:01]} 66. Ke6 {[%emt 0:00:01]} Re5+ {[%emt 0:00:01]} 67. Kd7 {[%emt 0:00:07]} Re7+ {[%emt 0:00:08]} 68. Kd6 {[%emt 0:00:14]} Re6+ {[%emt 0:00:02]} 69. Kd7 {[%emt 0:00:04]} Re7+ {[%emt 0:00:01]} 70. Kc6 {[%emt 0:00:01]} Re6+ {[%emt 0:00:03]} 71. Kd5 {[%emt 0:00:06]} Re5+ {[%emt 0:00:03]} 72. Kd6 {[%emt 0:00:03]} Re6+ {[%emt 0:00:01]} 73. Kc7 {[%emt 0:00:02]} Re7+ {[%emt 0:00:04]} 74. Kd8 {[%emt 0:00:01]} Rd7+ {[%emt 0:00:04]} 75. Ke8 {[%emt 0:00:01]} Re7+ {[%emt 0:00:01]} 76. Kd8 {[%emt 0:00:12]} Rd7+ {[%emt 0:00:01]} 77. Kc8 {[%emt 0:00:03]} Rc7+ {[%emt 0:00:01]} 78. Kb8 {[%emt 0:00:01]} Rb7+ {[%emt 0:00:01]} 79. Kc8 {[%emt 0:00:01]} Rc7+ {[%emt 0:00:01]} 80. Kd8 {[%emt 0:00:00]} Rd7+ {[%emt 0:00:01] (Lag: Av=0.56s, max=0.9s)} 1/2-1/2

[Event "Is Bankasi Online Satranc Turn.19-20 YAS"]
[Site "T#646377Mustafa Kemal"]
[Date "2020.05.27"]
[Round "1"]
[White "Abdullahvelioz00"]
[Black "Abdullahdoguka16"]
[Result "0-1"]
[WhiteElo "1620"]
[BlackElo "1620"]
[Annotator "NA RC"]
[PlyCount "120"]
[EventDate "2020.05.27"]
[EventType "swiss (blitz)"]

1. e4 {[%emt 0:00:01]} c5 {[%emt 0:00:02]} 2. Nf3 {[%emt 0:00:02]} g6 {[%emt 0:00:02]} 3. d4 {[%emt 0:00:01]} cxd4 {[%emt 0:00:01]} 4. Nxd4 {[%emt 0:00:00]} Nc6 {[%emt 0:00:01]} 5. Nc3 {[%emt 0:00:05]} Bg7 {[%emt 0:00:01]} 6. Be3 {[%emt 0:00:06]} Nf6 {[%emt 0:00:01]} 7. f3 {[%emt 0:00:09]} O-O {[%emt 0:00:02]} 8. Qd2 {[%emt 0:00:05]} d5 {[%emt 0:00:02]} 9. O-O-O {[%emt 0:00:08]} dxe4 {[%emt 0:00:12]} 10. Nxc6 {[%emt 0:00:05]} Qxd2+ {[%emt 0:00:02]} 11. Rxd2 {[%emt 0:00:06]} bxc6 {[%emt 0:00:01]} 12. fxe4 {[%emt 0:00:17]} Ng4 {[%emt 0:00:02]} 13. Bf4 {[%emt 0:00:12]} e5 {[%emt 0:00:02]} 14. Bg5 {[%emt 0:00:09]} f6 {[%emt 0:00:02]} 15. h3 {[%emt 0:00:08]} fxg5 {[%emt 0:00:07]} 16. hxg4 {[%emt 0:00:03]} Bxg4 {[%emt 0:00:00]} 17. Bc4+ {[%emt 0:00:05]} Kh8 {[%emt 0:00:01]} 18. Rd6 {[%emt 0:00:06]} Rf6 {[%emt 0:00:18]} 19. Rd3 {[%emt 0:00:24]} Raf8 {[%emt 0:00:04]} 20. Rg3 {[%emt 0:00:06]} Bh5 {[%emt 0:00:11]} 21. Kb1 {[%emt 0:00:10]} h6 {[%emt 0:00:48]} 22. a4 {[%emt 0:00:22]} Rf2 {[%emt 0:00:07]} 23. Nd1 {[%emt 0:00:06]} Rd2 {[%emt 0:00:13]} 24. Ne3 {[%emt 0:00:05]} Be2 {[%emt 0:00:19]} 25. Kc1 {[%emt 0:00:13]} Rfd8 {[%emt 0:00:02]} 26. Bxe2 {[%emt 0:00:11]} Rxe2 {[%emt 0:00:01]} 27. Rd1 {[%emt 0:00:05]} Rxd1+ {[%emt 0:00:03]} 28. Kxd1 {[%emt 0:00:03]} Rf2 {[%emt 0:00:01]} 29. Rf3 {[%emt 0:00:03]} Rxf3 {[%emt 0:00:05]} 30. gxf3 {[%emt 0:00:00]} Kg8 {[%emt 0:00:02]} 31. Ke2 {[%emt 0:00:01]} Kf7 {[%emt 0:00:01]} 32. Kd3 {[%emt 0:00:03]} Ke6 {[%emt 0:00:01]} 33. Nc4 {[%emt 0:00:01]} Bf8 {[%emt 0:00:03]} 34. c3 {[%emt 0:00:05]} h5 {[%emt 0:00:01]} 35. Ke2 {[%emt 0:00:06]} Be7 {[%emt 0:00:08]} 36. Na5 {[%emt 0:00:01]} Kd7 {[%emt 0:00:03]} 37. b4 {[%emt 0:00:05]} Kc7 {[%emt 0:00:09]} 38. Nc4 {[%emt 0:00:01]} Bf6 {[%emt 0:00:07]} 39. Ke3 {[%emt 0:00:05]} a6 {[%emt 0:00:09]} 40. Ke2 {[%emt 0:00:01]} Bg7 {[%emt 0:00:07]} 41. Ke3 {[%emt 0:00:02]} c5 {[%emt 0:00:20]} 42. Nd2 {[%emt 0:00:04]} Kc6 {[%emt 0:00:05]} 43. Nc4 {[%emt 0:00:09]} Bf6 {[%emt 0:00:01]} 44. bxc5 {[%emt 0:00:01]} Kxc5 {[%emt 0:00:02]} 45. Kd3 {[%emt 0:00:00]} h4 {[%emt 0:00:02]} 46. Ne3 {[%emt 0:00:01]} Be7 {[%emt 0:00:07]} 47. Ng4 {[%emt 0:00:01]} Bd6 {[%emt 0:00:03]} 48. c4 {[%emt 0:00:03]} Kb4 {[%emt 0:00:01]} 49. c5 {[%emt 0:00:01]} Kxc5 {[%emt 0:00:04]} 50. Kc3 {[%emt 0:00:01]} a5 {[%emt 0:00:00]} 51. Nf6 {[%emt 0:00:01]} h3 {[%emt 0:00:02]} 52. Ng4 {[%emt 0:00:01]} Be7 {[%emt 0:00:02]} 53. Kb3 {[%emt 0:00:02]} Kd4 {[%emt 0:00:01]} 54. Nf2 {[%emt 0:00:03]} h2 {[%emt 0:00:03]} 55. Nh1 {[%emt 0:00:02]} Ke3 {[%emt 0:00:02]} 56. Kc4 {[%emt 0:00:00]} Kxf3 {[%emt 0:00:01]} 57. Kd5 {[%emt 0:00:00]} Bf6 {[%emt 0:00:03]} 58. Ke6 {[%emt 0:00:01]} Kg2 {[%emt 0:00:01]} 59. Kxf6 {[%emt 0:00:01]} Kxh1 {[%emt 0:00:01]} 60. Kxe5 {[%emt 0:00:01]} Kg2 {[%emt 0:00:00] Abdullahvelioz00 terk eder (Lag: Av=0.92s, max=2.3s)} 0-1

[Event "Is Bankasi Online Satranc Turn.19-20 YAS"]
[Site "T#646377Mustafa Kemal"]
[Date "2020.05.27"]
[Round "1"]
[White "Berkerenkalayc80"]
[Black "Halityavuzibik00"]
[Result "0-1"]
[WhiteElo "1620"]
[BlackElo "1620"]
[Annotator "NA RC"]
[PlyCount "86"]
[EventDate "2020.05.27"]
[EventType "swiss (blitz)"]

1. e4 {[%emt 0:00:02]} c5 {[%emt 0:00:02]} 2. Nf3 {[%emt 0:00:01]} d6 {[%emt 0:00:00]} 3. d4 {[%emt 0:00:00]} cxd4 {[%emt 0:00:00]} 4. Nxd4 {[%emt 0:00:01]} Nf6 {[%emt 0:00:00]} 5. Bb5+ {[%emt 0:00:00]} Nbd7 {[%emt 0:00:15]} 6. Nc3 {[%emt 0:00:03]} a6 {[%emt 0:00:02]} 7. Bxd7+ {[%emt 0:00:01]} Qxd7 {[%emt 0:00:08]} 8. Be3 {[%emt 0:00:02]} e6 {[%emt 0:00:01]} 9. O-O {[%emt 0:00:01]} Be7 {[%emt 0:00:04]} 10. h3 {[%emt 0:00:03]} O-O {[%emt 0:00:04]} 11. Qd2 {[%emt 0:00:03]} b5 {[%emt 0:00:02]} 12. b4 {[%emt 0:00:04]} Bb7 {[%emt 0:00:02]} 13. f3 {[%emt 0:00:09]} Rac8 {[%emt 0:00:01]} 14. Rac1 {[%emt 0:00:03]} Qc7 {[%emt 0:00:05]} 15. Nce2 {[%emt 0:00:05]} d5 {[%emt 0:00:01]} 16. Bf4 {[%emt 0:00:03]} e5 {[%emt 0:00:04]} 17. Nf5 {[%emt 0:00:07]} exf4 {[%emt 0:00:01]} 18. Nxf4 {[%emt 0:00:02]} dxe4 {[%emt 0:00:07]} 19. fxe4 {[%emt 0:00:13]} Nxe4 {[%emt 0:00:02]} 20. Qd4 {[%emt 0:00:05]} Bf6 {[%emt 0:00:04]} 21. Qe3 {[%emt 0:00:16]} Qc3 {[%emt 0:00:33]} 22. Qb6 {[%emt 0:00:18]} Qc6 {[%emt 0:00:36]} 23. Qe3 {[%emt 0:00:27]} Rfe8 {[%emt 0:00:06]} 24. Qf3 {[%emt 0:00:57]} Nd2 {[%emt 0:00:15]} 25. Qxc6 {[%emt 0:00:01]} Bxc6 {[%emt 0:00:05]} 26. Rf2 {[%emt 0:00:01]} Ne4 {[%emt 0:00:06]} 27. Rff1 {[%emt 0:00:13]} g6 {[%emt 0:00:11]} 28. Nh6+ {[%emt 0:00:02]} Kg7 {[%emt 0:00:01]} 29. Ng4 {[%emt 0:00:00]} Bd4+ {[%emt 0:00:02]} 30. Kh1 {[%emt 0:00:05]} Ng3+ {[%emt 0:00:02]} 31. Kh2 {[%emt 0:00:01]} Nxf1+ {[%emt 0:00:01]} 32. Rxf1 {[%emt 0:00:00]} Be5 {[%emt 0:00:07]} 33. c3 {[%emt 0:00:09]} g5 {[%emt 0:00:05]} 34. Nxe5 {[%emt 0:00:05]} Rxe5 {[%emt 0:00:02]} 35. Nh5+ {[%emt 0:00:01]} Kf8 {[%emt 0:00:23]} 36. Nf6 {[%emt 0:00:00]} Re2 {[%emt 0:00:04]} 37. Ng4 {[%emt 0:00:00]} Rxg2+ {[%emt 0:00:02]} 38. Kh1 {[%emt 0:00:01]} Rxg4+ {[%emt 0:00:03]} 39. Kh2 {[%emt 0:00:00]} Rg2+ {[%emt 0:00:01]} 40. Kh1 {[%emt 0:00:01]} Rd8 {[%emt 0:00:13]} 41. Re1 {[%emt 0:00:10]} Rdd2 {[%emt 0:00:02]} 42. c4 {[%emt 0:00:03]} Rg3+ {[%emt 0:00:02]} 43. Re4 {[%emt 0:00:14]} Bxe4# {[%emt 0:00:01] (Lag: Av=0.60s, max=2.7s)} 0-1

[Event "Is Bankasi Online Satranc Turn.19-20 YAS"]
[Site "T#646377Mustafa Kemal"]
[Date "2020.05.27"]
[Round "1"]
[White "Denizeminerden78"]
[Black "Farukyazici26"]
[Result "0-1"]
[WhiteElo "1620"]
[BlackElo "1555"]
[Annotator "NA"]
[PlyCount "32"]
[EventDate "2020.05.27"]
[EventType "swiss (blitz)"]

1. d4 {[%emt 0:00:02]} d5 {[%emt 0:00:01]} 2. Nf3 {[%emt 0:00:01]} Nf6 {[%emt 0:00:02]} 3. Bf4 {[%emt 0:00:01]} g6 {[%emt 0:00:06]} 4. e3 {[%emt 0:00:01]} Bg7 {[%emt 0:00:01]} 5. Bd3 {[%emt 0:00:01]} O-O {[%emt 0:00:10]} 6. O-O {[%emt 0:00:01]} Nbd7 {[%emt 0:00:13]} 7. c4 {[%emt 0:00:01]} c6 {[%emt 0:00:09]} 8. Nc3 {[%emt 0:00:01]} Nh5 {[%emt 0:00:11]} 9. Bg5 {[%emt 0:00:03]} h6 {[%emt 0:00:02]} 10. Bh4 {[%emt 0:00:03]} dxc4 {[%emt 0:00:03]} 11. Bxc4 {[%emt 0:00:01]} Nb6 {[%emt 0:00:01]} 12. b3 {[%emt 0:00:04]} Nxc4 {[%emt 0:00:02]} 13. bxc4 {[%emt 0:00:00]} b6 {[%emt 0:00:02]} 14. e4 {[%emt 0:00:01]} c5 {[%emt 0:00:03]} 15. d5 {[%emt 0:00:03]} Bxc3 {[%emt 0:00:02]} 16. Qc2 {[%emt 0:00:03] Denizeminerden78 terk eder} Bxa1 {[%emt 0:00:03]} 0-1

[Event "Is Bankasi Online Satranc Turn.19-20 YAS"]
[Site "T#646377Mustafa Kemal"]
[Date "2020.05.27"]
[Round "1"]
[White "Egekargin94"]
[Black "ahmetosmanonar60"]
[Result "1-0"]
[WhiteElo "1620"]
[BlackElo "1620"]
[Annotator "NA RC"]
[PlyCount "67"]
[EventDate "2020.05.27"]
[EventType "swiss (blitz)"]

1. e4 {[%emt 0:00:01]} c6 {[%emt 0:00:03]} 2. Nf3 {[%emt 0:00:01]} d5 {[%emt 0:00:03]} 3. exd5 {[%emt 0:00:01]} cxd5 {[%emt 0:00:02]} 4. d4 {[%emt 0:00:01]} Bg4 {[%emt 0:00:03]} 5. Be2 {[%emt 0:00:02]} e6 {[%emt 0:00:03]} 6. Ne5 {[%emt 0:00:02]} Bxe2 {[%emt 0:00:03]} 7. Qxe2 {[%emt 0:00:01]} Nc6 {[%emt 0:00:09]} 8. Nxc6 {[%emt 0:00:06]} bxc6 {[%emt 0:00:02]} 9. Bf4 {[%emt 0:00:03]} Bd6 {[%emt 0:00:04]} 10. Bxd6 {[%emt 0:00:07]} Qxd6 {[%emt 0:00:03]} 11. Nc3 {[%emt 0:00:00]} Qb4 {[%emt 0:00:21]} 12. Qa6 {[%emt 0:00:18]} Qb6 {[%emt 0:00:25]} 13. Qd3 {[%emt 0:00:13]} Nf6 {[%emt 0:00:14]} 14. O-O {[%emt 0:00:05]} O-O {[%emt 0:00:29]} 15. h3 {[%emt 0:00:12]} Rfc8 {[%emt 0:00:07]} 16. b3 {[%emt 0:00:09]} h6 {[%emt 0:00:02]} 17. Na4 {[%emt 0:00:04]} Qb5 {[%emt 0:00:12]} 18. Qg3 {[%emt 0:00:07]} Ne4 {[%emt 0:00:06]} 19. Qe5 {[%emt 0:00:05]} a5 {[%emt 0:00:15]} 20. f3 {[%emt 0:00:06]} Nf6 {[%emt 0:00:07]} 21. Nc5 {[%emt 0:00:04]} Ra7 {[%emt 0:00:10]} 22. Rae1 {[%emt 0:00:04]} Nd7 {[%emt 0:00:05]} 23. Nxd7 {[%emt 0:00:07]} Rxd7 {[%emt 0:00:01]} 24. f4 {[%emt 0:00:00]} c5 {[%emt 0:00:04]} 25. Rf3 {[%emt 0:00:06]} cxd4 {[%emt 0:00:03]} 26. Rg3 {[%emt 0:00:04]} g6 {[%emt 0:00:12]} 27. h4 {[%emt 0:00:05]} Rxc2 {[%emt 0:00:07]} 28. h5 {[%emt 0:00:06]} Kh7 {[%emt 0:00:10]} 29. hxg6+ {[%emt 0:00:07]} fxg6 {[%emt 0:00:01]} 30. Qxe6 {[%emt 0:00:00]} Qc6 {[%emt 0:00:12]} 31. Qe8 {[%emt 0:00:08]} Qc8 {[%emt 0:00:02]} 32. Qxg6+ {[%emt 0:00:02]} Kh8 {[%emt 0:00:02]} 33. Qxh6+ {[%emt 0:00:00]} Rh7 {[%emt 0:00:01]} 34. Qf6+ {[%emt 0:00:00] Zaman (Lag: Av=0.82s, max=2.7s)} 1-0

[Event "Is Bankasi Online Satranc Turn.19-20 YAS"]
[Site "T#646377Mustafa Kemal"]
[Date "2020.05.27"]
[Round "1"]
[White "Koraypehlivano52"]
[Black "Kadirakin18"]
[Result "0-1"]
[WhiteElo "1620"]
[BlackElo "1620"]
[Annotator "NA RC"]
[PlyCount "54"]
[EventDate "2020.05.27"]
[EventType "swiss (blitz)"]
[TimeControl "180+2"]

1. e4 {[%emt 0:00:05]} c5 {[%emt 0:00:02]} 2. Qh5 {[%emt 0:00:02]} e6 {[%emt 0:00:03]} 3. Qf3 {[%emt 0:00:05]} Nc6 {[%emt 0:00:02]} 4. c3 {[%emt 0:00:02]} Nf6 {[%emt 0:00:02]} 5. d3 {[%emt 0:00:02]} d5 {[%emt 0:00:02]} 6. exd5 {[%emt 0:00:04]} exd5 {[%emt 0:00:00]} 7. h3 {[%emt 0:00:02]} Be7 {[%emt 0:00:02]} 8. Qg3 {[%emt 0:00:05]} O-O {[%emt 0:00:11]} 9. Be2 {[%emt 0:00:05]} Bd6 {[%emt 0:00:06]} 10. Qf3 {[%emt 0:00:07]} Ne5 {[%emt 0:00:01]} 11. Qe3 {[%emt 0:00:13]} Re8 {[%emt 0:00:03]} 12. Kf1 {[%emt 0:00:15]} Bf5 {[%emt 0:00:04]} 13. Nf3 {[%emt 0:00:10]} Nxd3 {[%emt 0:00:11]} 14. Bxd3 {[%emt 0:00:03]} Rxe3 {[%emt 0:00:03]} 15. fxe3 {[%emt 0:00:03]} Bxd3+ {[%emt 0:00:01]} 16. Ke1 {[%emt 0:00:04]} Bg3+ {[%emt 0:00:02]} 17. Kd1 {[%emt 0:00:05]} Ne4 {[%emt 0:00:03]} 18. Rg1 {[%emt 0:00:08]} Qb6 {[%emt 0:00:14]} 19. Nbd2 {[%emt 0:00:05]} Nf2+ {[%emt 0:00:01]} 20. Ke1 {[%emt 0:00:07]} Re8 {[%emt 0:00:01]} 21. Nf1 {[%emt 0:00:09]} Bxf1 {[%emt 0:00:06]} 22. Rxf1 {[%emt 0:00:01]} d4 {[%emt 0:00:09]} 23. cxd4 {[%emt 0:00:11]} cxd4 {[%emt 0:00:00]} 24. b3 {[%emt 0:00:11]} dxe3 {[%emt 0:00:03]} 25. Ke2 {[%emt 0:00:15]} Qb5+ {[%emt 0:00:02]} 26. Ke1 {[%emt 0:00:04]} Qd3 {[%emt 0:00:12]} 27. Bd2 {[%emt 0:00:10]} exd2# {[%emt 0:00:04] (Lag: Av=0.89s, max=1.4s)} 0-1

[Event "Is Bankasi Online Satranc Turn.19-20 YAS"]
[Site "T#646377Mustafa Kemal"]
[Date "2020.05.27"]
[Round "1"]
[White "Okanozsakallio94"]
[Black "Dincertasdogen32"]
[Result "0-1"]
[WhiteElo "1620"]
[BlackElo "1620"]
[Annotator "NA RC"]
[PlyCount "84"]
[EventDate "2020.05.27"]
[EventType "swiss (blitz)"]

1. e4 {[%emt 0:00:03]} g6 {[%emt 0:00:04]} 2. d4 {[%emt 0:00:02]} Bg7 {[%emt 0:00:00]} 3. Nf3 {[%emt 0:00:05]} c6 {[%emt 0:00:03]} 4. Nc3 {[%emt 0:00:02]} d5 {[%emt 0:00:01]} 5. h3 {[%emt 0:00:01]} dxe4 {[%emt 0:00:01]} 6. Nxe4 {[%emt 0:00:00]} Nf6 {[%emt 0:00:00]} 7. Nxf6+ {[%emt 0:00:08]} exf6 {[%emt 0:00:00]} 8. Bc4 {[%emt 0:00:11]} O-O {[%emt 0:00:00]} 9. O-O {[%emt 0:00:01]} Re8 {[%emt 0:00:01]} 10. a4 {[%emt 0:00:06]} Be6 {[%emt 0:00:06]} 11. Bxe6 {[%emt 0:00:03]} Rxe6 {[%emt 0:00:00]} 12. a5 {[%emt 0:00:05]} Na6 {[%emt 0:00:09]} 13. Be3 {[%emt 0:00:12]} f5 {[%emt 0:00:07]} 14. Qd2 {[%emt 0:00:07]} Qd5 {[%emt 0:00:16]} 15. b3 {[%emt 0:00:28]} Rd8 {[%emt 0:00:13]} 16. Rad1 {[%emt 0:00:15]} Qb5 {[%emt 0:00:08]} 17. Rfe1 {[%emt 0:00:31]} Nc5 {[%emt 0:00:41]} 18. Bg5 {[%emt 0:00:23]} Rd7 {[%emt 0:00:25]} 19. Rxe6 {[%emt 0:00:16]} Nxe6 {[%emt 0:00:00]} 20. Be3 {[%emt 0:00:17]} Qd5 {[%emt 0:00:32]} 21. c4 {[%emt 0:00:04]} Qe4 {[%emt 0:00:01]} 22. d5 {[%emt 0:00:05]} f4 {[%emt 0:00:02]} 23. Bxa7 {[%emt 0:00:03]} cxd5 {[%emt 0:00:09]} 24. cxd5 {[%emt 0:00:00]} Nc7 {[%emt 0:00:00]} 25. d6 {[%emt 0:00:04]} Nb5 {[%emt 0:00:01]} 26. Bc5 {[%emt 0:00:02]} Bf8 {[%emt 0:00:05]} 27. Re1 {[%emt 0:00:04]} Qf5 {[%emt 0:00:01]} 28. Re5 {[%emt 0:00:02]} Qb1+ {[%emt 0:00:02]} 29. Kh2 {[%emt 0:00:05]} Qxb3 {[%emt 0:00:10]} 30. Qxf4 {[%emt 0:00:02]} Nxd6 {[%emt 0:00:01]} 31. Bxd6 {[%emt 0:00:02]} Bxd6 {[%emt 0:00:02]} 32. g3 {[%emt 0:00:08]} Bxe5 {[%emt 0:00:02]} 33. Nxe5 {[%emt 0:00:00]} Re7 {[%emt 0:00:02]} 34. Ng4 {[%emt 0:00:00]} Qe6 {[%emt 0:00:03]} 35. Qb8+ {[%emt 0:00:02]} Kg7 {[%emt 0:00:01]} 36. Qf4 {[%emt 0:00:00]} h5 {[%emt 0:00:03]} 37. Qh6+ {[%emt 0:00:01]} Kg8 {[%emt 0:00:01]} 38. Ne3 {[%emt 0:00:01]} Qf6 {[%emt 0:00:01]} 39. Kg1 {[%emt 0:00:01]} Rd7 {[%emt 0:00:02]} 40. g4 {[%emt 0:00:02]} hxg4 {[%emt 0:00:02]} 41. Nxg4 {[%emt 0:00:03]} Qf3 {[%emt 0:00:05]} 42. Qc1 {[%emt 0:00:04]} Rd1+ {[%emt 0:00:01] Okanozsakallio94 terk eder (Lag: Av=0.56s, max=0.7s)} 0-1

[Event "Is Bankasi Online Satranc Turn.19-20 YAS"]
[Site "T#646377Mustafa Kemal"]
[Date "2020.05.27"]
[Round "1"]
[White "Ahmettahainal50"]
[Black "Hamitalphanmet52"]
[Result "1-0"]
[WhiteElo "1433"]
[BlackElo "1620"]
[Annotator "NA RC"]
[PlyCount "91"]
[EventDate "2020.05.27"]
[EventType "swiss (blitz)"]
[TimeControl "180+2"]

1. d4 {[%emt 0:00:02]} d5 {[%emt 0:00:02]} 2. Bf4 {[%emt 0:00:05]} Nc6 {[%emt 0:00:05]} 3. e3 {[%emt 0:00:01]} Nf6 {[%emt 0:00:02]} 4. Nf3 {[%emt 0:00:02]} Bg4 {[%emt 0:00:02]} 5. Be2 {[%emt 0:00:02]} e6 {[%emt 0:00:11]} 6. h3 {[%emt 0:00:04]} Bxf3 {[%emt 0:00:02]} 7. Bxf3 {[%emt 0:00:03]} Bd6 {[%emt 0:00:01]} 8. Bg5 {[%emt 0:00:03]} h6 {[%emt 0:00:02]} 9. Bxf6 {[%emt 0:00:02]} Qxf6 {[%emt 0:00:01]} 10. O-O {[%emt 0:00:02]} O-O-O {[%emt 0:00:02]} 11. Nd2 {[%emt 0:00:02]} g5 {[%emt 0:00:04]} 12. c4 {[%emt 0:00:03]} Rdg8 {[%emt 0:00:11]} 13. cxd5 {[%emt 0:00:05]} exd5 {[%emt 0:00:06]} 14. Bxd5 {[%emt 0:00:03]} Ne7 {[%emt 0:00:10]} 15. Qg4+ {[%emt 0:00:06]} Kb8 {[%emt 0:00:09]} 16. Ne4 {[%emt 0:00:06]} Qf5 {[%emt 0:00:16]} 17. Qxf5 {[%emt 0:00:07]} Nxf5 {[%emt 0:00:02]} 18. Bxf7 {[%emt 0:00:03]} Rf8 {[%emt 0:00:02]} 19. Be6 {[%emt 0:00:06]} Ng7 {[%emt 0:00:08]} 20. Nxd6 {[%emt 0:00:04]} Nxe6 {[%emt 0:00:08]} 21. Ne4 {[%emt 0:00:04]} Rhg8 {[%emt 0:00:05]} 22. Rac1 {[%emt 0:00:06]} g4 {[%emt 0:00:05]} 23. h4 {[%emt 0:00:03]} h5 {[%emt 0:00:05]} 24. Nc5 {[%emt 0:00:03]} Nxc5 {[%emt 0:00:10]} 25. Rxc5 {[%emt 0:00:04]} Rh8 {[%emt 0:00:03]} 26. Rfc1 {[%emt 0:00:03]} Rf7 {[%emt 0:00:03]} 27. g3 {[%emt 0:00:03]} Rhf8 {[%emt 0:00:05]} 28. R1c2 {[%emt 0:00:03]} Rh8 {[%emt 0:00:06]} 29. e4 {[%emt 0:00:03]} c6 {[%emt 0:00:02]} 30. e5 {[%emt 0:00:02]} Rd8 {[%emt 0:00:04]} 31. R5c4 {[%emt 0:00:03]} Rfd7 {[%emt 0:00:04]} 32. e6 {[%emt 0:00:06]} Re7 {[%emt 0:00:05]} 33. Re2 {[%emt 0:00:06]} Rd6 {[%emt 0:00:03]} 34. Rc5 {[%emt 0:00:04]} Rxd4 {[%emt 0:00:09]} 35. Rxh5 {[%emt 0:00:03]} Kc7 {[%emt 0:00:06]} 36. Rf5 {[%emt 0:00:04]} Kd6 {[%emt 0:00:06]} 37. Rfe5 {[%emt 0:00:04]} Rd1+ {[%emt 0:00:05]} 38. Kg2 {[%emt 0:00:04]} Rd4 {[%emt 0:00:16]} 39. h5 {[%emt 0:00:03]} Rd5 {[%emt 0:00:12]} 40. Rxd5+ {[%emt 0:00:04]} Kxd5 {[%emt 0:00:04]} 41. h6 {[%emt 0:00:04]} Kd6 {[%emt 0:00:03]} 42. f3 {[%emt 0:00:07]} gxf3+ {[%emt 0:00:03]} 43. Kxf3 {[%emt 0:00:03]} Rh7 {[%emt 0:00:01]} 44. e7 {[%emt 0:00:06]} Rxe7 {[%emt 0:00:02]} 45. Rxe7 {[%emt 0:00:04]} Kxe7 {[%emt 0:00:00]} 46. h7 {[%emt 0:00:02] Hamitalphanmet52 resigns (Lag: Av=0.76s, max=1.3s)} 1-0